Statistics for Multiple Choice - World Geography 2

Click here to take the quiz!

General Stats

  • This quiz has been taken 1,128 times
  • The average score is 11 of 20

Answer Stats

QuestionAnswer% Correct
Brazil is the largest country in area in South America, which country is the second largest?Argentina
86%
Two countries comprise the Island of 'Hispaniola', Haiti and ?Dominican Republic
83%
Which country surrounds Lesotho?South Africa
76%
The sea between Australia and New Zealand is named?Tasman Sea
76%
The Capital City of Bangladesh is?Dhaka
73%
What does the Eagle on the flag of Mexico hold in its beak?A Snake
71%
The Galapagos Islands form a province of which country?Ecuador
67%
Tokyo, the capital of Japan is located on which island?Honshu
66%
Australia lies between which three (3) oceans?Pacific / Indian / Southern
65%
What is the largest country without a river?Saudi Arabia
64%
Eritrea pronounced independence in 1993, from which Country?Ethiopia
62%
Green, Yellow & Red are the colours of three of these countries, which country's flag is coloured Blue, Yellow & Red?Romania
59%
Name the range of mountains that form the backbone of Italy?The Apennines
44%
At over 19.5 Million, what is the greatest populated city in Africa?Lagos
43%
What year was the Panama Canal opened to shipping?1914
42%
What is the fastest flowing river in the World?Amazon
34%
What is the Distance from USA mainland to Hawaii (approx.)2,300 miles ....(3,700 km)
27%
Which US State has the most 'Active Volcanoes'?Alaska
22%
During which 'Period' of Earths history did the 'Great Dying' occur, when 90% of sea life and 70% of land life perished?Permian
21%
Which of the given cities is farthest North?Madrid
16%

Score Distribution

Percentile by Number Answered

Percent of People with Each Score

Your Score History

You have not taken this quiz